<?xml version="1.0" encoding="UTF-8"?>
<record
    xmlns:xsi="http://www.w3.org/2001/XMLSchema-instance"
    xsi:schemaLocation="http://www.loc.gov/MARC21/slim http://www.loc.gov/standards/marcxml/schema/MARC21slim.xsd"
    xmlns="http://www.loc.gov/MARC21/slim">

  <leader>00782nam a22002177a 4500</leader>
  <controlfield tag="003">SEM</controlfield>
  <controlfield tag="005">20260701123956.0</controlfield>
  <controlfield tag="008">260701s2017    ai ||||gr||||||01|||arm|d</controlfield>
  <datafield tag="020" ind1=" " ind2=" ">
    <subfield code="a">9789994107780</subfield>
  </datafield>
  <datafield tag="040" ind1=" " ind2=" ">
    <subfield code="a">SEM</subfield>
    <subfield code="c">SEM</subfield>
  </datafield>
  <datafield tag="041" ind1=" " ind2=" ">
    <subfield code="a">arm</subfield>
  </datafield>
  <datafield tag="080" ind1=" " ind2=" ">
    <subfield code="a">981.891-1/&#x533;-87</subfield>
  </datafield>
  <datafield tag="100" ind1=" " ind2=" ">
    <subfield code="a">&#x533;&#x580;&#x561;&#x562;&#x57D;&#x56F;&#x56B;, &#x544;&#x56F;&#x580;&#x57F;&#x56B;&#x579;</subfield>
  </datafield>
  <datafield tag="245" ind1=" " ind2=" ">
    <subfield code="a">&#x53B;&#x576;&#x584;&#x576;&#x561;&#x57E;&#x565;&#x580;&#x56E;&#x561;&#x576;&#x578;&#x582;&#x574; &#x589;</subfield>
    <subfield code="b">&#x532;&#x561;&#x576;&#x561;&#x57D;&#x57F;&#x565;&#x572;&#x56E;&#x578;&#x582;&#x569;&#x575;&#x578;&#x582;&#x576;&#x576;&#x565;&#x580; /</subfield>
    <subfield code="c">&#x544;&#x2024; &#x533;&#x580;&#x561;&#x562;&#x57D;&#x56F;&#x56B;; &#x53D;&#x574;&#x562;&#x2024;&#x55D; &#x540;&#x2024; &#x53D;&#x561;&#x579;&#x561;&#x57F;&#x580;&#x575;&#x561;&#x576;</subfield>
  </datafield>
  <datafield tag="260" ind1=" " ind2=" ">
    <subfield code="a">&#x535;&#x580;&#x587;&#x561;&#x576; &#x589;</subfield>
    <subfield code="b">&#xAB;&#x54F;&#x56B;&#x563;&#x580;&#x561;&#x576; &#x544;&#x565;&#x56E; &#xBB; &#x570;&#x580;&#x561;&#x57F;&#x2024;,</subfield>
    <subfield code="c">2017&#x2024;</subfield>
  </datafield>
  <datafield tag="300" ind1=" " ind2=" ">
    <subfield code="a">167 &#x567;&#x57B; ;</subfield>
    <subfield code="b">&#x576;&#x56F;&#x2024; ;</subfield>
    <subfield code="c">20 &#x57D;&#x574;</subfield>
  </datafield>
  <datafield tag="650" ind1=" " ind2=" ">
    <subfield code="a">&#x540;&#x561;&#x575; &#x563;&#x580;&#x561;&#x56F;&#x561;&#x576;&#x578;&#x582;&#x569;&#x575;&#x578;&#x582;&#x576;</subfield>
    <subfield code="x">&#x562;&#x561;&#x576;&#x561;&#x57D;&#x57F;&#x565;&#x572;&#x56E;&#x578;&#x582;&#x569;&#x575;&#x578;&#x582;&#x576;</subfield>
  </datafield>
  <datafield tag="653" ind1=" " ind2=" ">
    <subfield code="a">&#x54D;&#x537;&#x544;</subfield>
  </datafield>
  <datafield tag="700" ind1=" " ind2=" ">
    <subfield code="a">&#x53D;&#x561;&#x579;&#x561;&#x57F;&#x580;&#x575;&#x561;&#x576;, &#x540;&#x561;&#x575;&#x561;&#x580;&#x583;&#x56B;</subfield>
    <subfield code="4">edt.</subfield>
    <subfield code="e">&#x56D;&#x574;&#x562;&#x2024;</subfield>
  </datafield>
  <datafield tag="942" ind1=" " ind2=" ">
    <subfield code="2">udc</subfield>
    <subfield code="c">BK</subfield>
    <subfield code="n">0</subfield>
  </datafield>
  <datafield tag="999" ind1=" " ind2=" ">
    <subfield code="c">77350</subfield>
    <subfield code="d">77350</subfield>
  </datafield>
  <datafield tag="952" ind1=" " ind2=" ">
    <subfield code="0">0</subfield>
    <subfield code="1">0</subfield>
    <subfield code="2">udc</subfield>
    <subfield code="4">0</subfield>
    <subfield code="7">0</subfield>
    <subfield code="8">&#x533;&#x580;&#x561;&#x57A;&#x561;&#x570;&#x578;&#x581;</subfield>
    <subfield code="a">SEM</subfield>
    <subfield code="b">SEM</subfield>
    <subfield code="d">2026-07-01</subfield>
    <subfield code="g">1000.00</subfield>
    <subfield code="i">37321</subfield>
    <subfield code="l">0</subfield>
    <subfield code="o">891.981-1/&#x533;-87</subfield>
    <subfield code="p">37321</subfield>
    <subfield code="r">2026-07-01</subfield>
    <subfield code="w">2026-07-01</subfield>
    <subfield code="y">BK</subfield>
    <subfield code="z">&#x54D;&#x57A;&#x561;&#x57D;&#x561;&#x580;&#x56F;&#x57E;&#x578;&#x582;&#x574; &#x567; &#x568;&#x576;&#x569;&#x565;&#x580;&#x581;&#x561;&#x57D;&#x580;&#x561;&#x570;</subfield>
  </datafield>
</record>
